000
00292nam a22001217a 4500
020
_a
0-85229-163-9
082
_a
030 GRE'H
100
_a
MARX, KARL
_9
14519
245
_a
CAPITAL ,MANIFESTO OF THE COMMUNIST PARTY
250
_a
V-50
260
_a
CHICAGO
_b
WILLIAM BENTON
_c
1952
942
_c
BK
999
_c
582802
_d
582802